<?xml version="1.0" encoding="UTF-8"?>
<record
    xmlns:xsi="http://www.w3.org/2001/XMLSchema-instance"
    xsi:schemaLocation="http://www.loc.gov/MARC21/slim http://www.loc.gov/standards/marcxml/schema/MARC21slim.xsd"
    xmlns="http://www.loc.gov/MARC21/slim">

  <leader>00891nam a22002297a 4500</leader>
  <controlfield tag="003">AUA.1</controlfield>
  <controlfield tag="005">20150226125834.0</controlfield>
  <controlfield tag="008">120111t        xxu||||| |||| 00| 0 eng d</controlfield>
  <datafield tag="010" ind1=" " ind2=" ">
    <subfield code="a">83-2056</subfield>
  </datafield>
  <datafield tag="020" ind1=" " ind2=" ">
    <subfield code="a">9780300139839</subfield>
  </datafield>
  <datafield tag="040" ind1=" " ind2=" ">
    <subfield code="c">JTL</subfield>
  </datafield>
  <datafield tag="050" ind1=" " ind2=" ">
    <subfield code="a">BS 2341.2</subfield>
    <subfield code="b">.A53 2005</subfield>
  </datafield>
  <datafield tag="100" ind1=" " ind2=" ">
    <subfield code="a">Furnish, Victor Paul</subfield>
    <subfield code="9">18641</subfield>
  </datafield>
  <datafield tag="245" ind1=" " ind2=" ">
    <subfield code="a">The anchor Bible :</subfield>
    <subfield code="b">II Corinthians /</subfield>
    <subfield code="c"> Victor Paul Furnish.</subfield>
  </datafield>
  <datafield tag="260" ind1=" " ind2=" ">
    <subfield code="a">New Haven </subfield>
    <subfield code="a">London</subfield>
    <subfield code="a">Doubleday </subfield>
    <subfield code="b">Yale University Press,</subfield>
    <subfield code="c">2005</subfield>
  </datafield>
  <datafield tag="300" ind1=" " ind2=" ">
    <subfield code="a">xxii, 619 p. :</subfield>
    <subfield code="c">23 cm.</subfield>
  </datafield>
  <datafield tag="440" ind1=" " ind2=" ">
    <subfield code="a">The anchor Bible :</subfield>
    <subfield code="n">vol. 32a.</subfield>
    <subfield code="9">48515</subfield>
  </datafield>
  <datafield tag="504" ind1=" " ind2=" ">
    <subfield code="a"> Includes Indexes.</subfield>
  </datafield>
  <datafield tag="650" ind1=" " ind2=" ">
    <subfield code="a">The anchor Bible :</subfield>
    <subfield code="v">II Corinthians</subfield>
    <subfield code="9">18642</subfield>
  </datafield>
  <datafield tag="942" ind1=" " ind2=" ">
    <subfield code="2">lcc</subfield>
    <subfield code="c">REF</subfield>
    <subfield code="h">BS 2341.2</subfield>
    <subfield code="i">.A53 2005</subfield>
  </datafield>
  <datafield tag="999" ind1=" " ind2=" ">
    <subfield code="c">5407</subfield>
    <subfield code="d">5407</subfield>
  </datafield>
  <datafield tag="952" ind1=" " ind2=" ">
    <subfield code="0">0</subfield>
    <subfield code="1">0</subfield>
    <subfield code="2">lcc</subfield>
    <subfield code="4">0</subfield>
    <subfield code="7">0</subfield>
    <subfield code="8">REF</subfield>
    <subfield code="a">AUA.1</subfield>
    <subfield code="b">AUA.1</subfield>
    <subfield code="c">REF</subfield>
    <subfield code="d">2012-01-11</subfield>
    <subfield code="e">Donation, Biblical Research Institute</subfield>
    <subfield code="g">10.00</subfield>
    <subfield code="h">AUA006448</subfield>
    <subfield code="o">BS 2341.2. A53 2005</subfield>
    <subfield code="p">AUA006448</subfield>
    <subfield code="r">2012-01-11 00:00:00</subfield>
    <subfield code="t">v.32a</subfield>
    <subfield code="v">10.00</subfield>
    <subfield code="w">2012-01-11</subfield>
    <subfield code="y">REF</subfield>
  </datafield>
</record>
